[Event "oibm_2008"]
[Site "Bad Wiessee"]
[Date "2008.11.07"]
[Round "7.13"]
[White "Handke, Florian"]
[Black "Arnaudov, Petar G"]
[Result "1-0"]
[WhiteElo "2498"]
[BlackElo "2344"]
[PlyCount "75"]
[EventDate "2008.??.??"]

1. e4 c5 2. Nf3 Nc6 3. Bb5 Nf6 4. Nc3 g6 5. O-O Bg7 6. d3 O-O 7. h3 d6 8. Be3
Bd7 9. Qd2 a6 10. Bxc6 Bxc6 11. Bh6 e5 12. Nh2 Bxh6 13. Qxh6 Kh8 14. Rae1 Qe7
15. Qh4 Nd5 16. Qxe7 Nxe7 17. f4 exf4 18. Rxf4 f5 19. e5 Nd5 20. Nxd5 Bxd5 21.
exd6 Rad8 22. c4 Bg8 23. d4 Rxd6 24. d5 b5 25. b3 Rb8 26. Rf2 Rb7 27. Nf3 Bf7
28. Rfe2 bxc4 29. bxc4 Kg7 30. Re7 Rdb6 31. Rxb7 Rxb7 32. Ne5 Rb2 33. Rd1 Rc2
34. d6 Be6 35. a4 f4 36. d7 Bxd7 37. Rxd7+ Kf6 38. Rd5 1-0

[Event "oibm_2008"]
[Site "Bad Wiessee"]
[Date "2008.11.07"]
[Round "7.18"]
[White "Stanetzek, Carsten"]
[Black "Devereaux, Maxim"]
[Result "0-1"]
[WhiteElo "2259"]
[BlackElo "2415"]
[PlyCount "72"]
[EventDate "2008.??.??"]

1. e4 c5 2. Nf3 Nc6 3. Nc3 Nf6 4. Bb5 Qc7 5. O-O Nd4 6. Re1 a6 7. Bc4 d6 8. Ng5
e6 9. a4 h6 10. Nf3 b6 11. d3 Be7 12. Be3 Nxf3+ 13. Qxf3 O-O 14. e5 dxe5 15.
Qxa8 Bb7 16. Qa7 Ra8 17. Qxa8+ Bxa8 18. Bxa6 Nd5 19. Bc4 Nb4 20. Re2 Kf8 21. f3
Nc6 22. Nb5 Qd7 23. Bf2 Bb7 24. Be1 Nd4 25. Rf2 Bh4 26. g3 Bg5 27. Nxd4 exd4
28. f4 Qc6 29. Kf1 Bd8 30. Ke2 g5 31. Bd2 g4 32. b4 cxb4 33. Bxb4+ Kg7 34. a5
bxa5 35. Bxa5 Bxa5 36. Rxa5 Qh1 0-1

[Event "oibm_2008"]
[Site "Bad Wiessee"]
[Date "2008.11.07"]
[Round "7.19"]
[White "Reutsky, Sergei"]
[Black "Jussupow, Ekaterina"]
[Result "0-1"]
[WhiteElo "2411"]
[BlackElo "2140"]
[PlyCount "58"]
[EventDate "2008.??.??"]

1. e4 e5 2. Bc4 Bc5 3. Nf3 Nc6 4. O-O d6 5. c3 Qf6 6. Qb3 Bd7 7. d4 Bb6 8. Bb5
h6 9. d5 Nb8 10. a4 a5 11. Nbd2 Qg6 12. Nc4 Nf6 13. Nxb6 cxb6 14. Re1 O-O 15.
Bxd7 Nbxd7 16. Nd2 Nc5 17. Qc4 Rac8 18. Qe2 Nh5 19. Nf1 Nb3 20. Ra3 Nxc1 21.
Rxc1 Nf4 22. Qf3 f5 23. Ng3 fxe4 24. Qe3 h5 25. h4 Rc4 26. Rd1 Qg4 27. Rd2 Qxh4
28. b3 Rc5 29. c4 Qg4 0-1

[Event "oibm_2008"]
[Site "Bad Wiessee"]
[Date "2008.11.07"]
[Round "7.21"]
[White "Meister, Peter"]
[Black "Mayr, Florian"]
[Result "1-0"]
[WhiteElo "2388"]
[BlackElo "2069"]
[PlyCount "77"]
[EventDate "2008.??.??"]

1. d4 e6 2. c4 f5 3. Nf3 Nf6 4. Nc3 Be7 5. Qc2 O-O 6. g3 c5 7. d5 exd5 8. cxd5
d6 9. Bg2 Na6 10. O-O Nc7 11. Ng5 h6 12. Nh3 Qe8 13. a4 g5 14. f4 g4 15. Nf2
Qf7 16. Qd1 h5 17. h4 gxh3 18. Nxh3 Ng4 19. Ng5 Qg6 20. Qd3 Bf6 21. Bf3 Bd7 22.
Bd2 a6 23. e4 Bd4+ 24. Kg2 Rae8 25. Rae1 Qf6 26. a5 Re7 27. Qc4 Kg7 28. exf5
Bxf5 29. Nce4 Bxe4 30. Nxe4 Rxe4 31. Rxe4 Bxb2 32. Bxg4 hxg4 33. f5 Rh8 34.
Rxg4+ Kf7 35. Rg6 Qe5 36. Re1 Qxd5+ 37. Qxd5+ Nxd5 38. Rxd6 Nf6 39. Rb6 1-0

[Event "oibm_2008"]
[Site "Bad Wiessee"]
[Date "2008.11.07"]
[Round "7.22"]
[White "Mons, Leon"]
[Black "Kaplan, Sasha"]
[Result "0-1"]
[WhiteElo "2082"]
[BlackElo "2425"]
[PlyCount "64"]
[EventDate "2008.??.??"]

1. e4 c5 2. Nf3 e6 3. d4 cxd4 4. Nxd4 a6 5. Nc3 Qc7 6. Bd3 Nf6 7. O-O Be7 8.
Kh1 O-O 9. f4 d6 10. a4 Nc6 11. Nxc6 bxc6 12. Be3 d5 13. e5 Nd7 14. Ne2 c5 15.
c3 Bb7 16. b4 g6 17. Rb1 d4 18. cxd4 cxb4 19. Ng3 f5 20. Rc1 Qa5 21. Bc4 Bd5
22. Bxd5 Qxd5 23. a5 Rfc8 24. Qa4 b3 25. Rb1 Rab8 26. Rb2 Rb5 27. Ne2 Qe4 28.
Bg1 Rc2 29. Rxc2 Qxc2 30. Nc1 Qc3 31. d5 b2 32. Ne2 Qb3 0-1

[Event "oibm_2008"]
[Site "Bad Wiessee"]
[Date "2008.11.07"]
[Round "7.24"]
[White "Skembris, Spyridon"]
[Black "Kick, Joachim"]
[Result "1-0"]
[WhiteElo "2422"]
[BlackElo "2190"]
[PlyCount "69"]
[EventDate "2008.??.??"]

1. c4 c5 2. Nf3 Nc6 3. d4 cxd4 4. Nxd4 Qb6 5. Nc2 e6 6. Nc3 Nf6 7. e3 Be7 8.
Be2 O-O 9. O-O d6 10. b3 a6 11. Bb2 Qc7 12. f4 b6 13. Bf3 Bb7 14. Rf2 Rac8 15.
Rd2 Rfd8 16. Qe2 Na5 17. Bxb7 Qxb7 18. Rad1 Ne4 19. Nxe4 Qxe4 20. Bd4 Qb7 21.
Bc3 Nc6 22. Qg4 Bf8 23. f5 exf5 24. Qxf5 Ne7 25. Qf3 Qc7 26. Nb4 Qa7 27. Rf1 f6
28. Qg3 a5 29. Nd5 Nxd5 30. Rxd5 Kh8 31. Bd4 Re8 32. Rb5 Rb8 33. Qh3 h6 34. Qf5
Kg8 35. Rxb6 1-0

[Event "oibm_2008"]
[Site "Bad Wiessee"]
[Date "2008.11.07"]
[Round "7.25"]
[White "Kaeding, Rainer"]
[Black "Jugelt, Tobias"]
[Result "0-1"]
[WhiteElo "2184"]
[BlackElo "2394"]
[PlyCount "48"]
[EventDate "2008.??.??"]

1. e4 c5 2. Nc3 Nc6 3. g3 g6 4. Bg2 Bg7 5. d3 e5 6. Be3 d6 7. Qd2 h6 8. Nge2
Nge7 9. O-O Be6 10. f4 Qd7 11. a3 Nd4 12. Nc1 Rc8 13. Nd1 b6 14. c3 Ndc6 15. b4
d5 16. bxc5 d4 17. cxd4 Nxd4 18. cxb6 exf4 19. Bxf4 Rc2 20. b7 Qxb7 21. Qa5
Ndc6 22. Qa4 Rxg2+ 23. Kxg2 Bxa1 24. Ne2 Bb3 0-1

[Event "oibm_2008"]
[Site "Bad Wiessee"]
[Date "2008.11.07"]
[Round "7.27"]
[White "Baldauf, Marco"]
[Black "Gerstner, Bernhard"]
[Result "1-0"]
[WhiteElo "2325"]
[BlackElo "2183"]
[PlyCount "43"]
[EventDate "2008.??.??"]

1. Nf3 Nf6 2. c4 b6 3. g3 c5 4. Bg2 Bb7 5. O-O e6 6. Nc3 Be7 7. d4 cxd4 8. Qxd4
O-O 9. Rd1 d6 10. Bg5 Nbd7 11. Nb5 d5 12. cxd5 Bxd5 13. Nc3 Bb7 14. Qa4 Qe8 15.
Ne5 Nc5 16. Qxe8 Rfxe8 17. Nc6 h6 18. Bf4 g5 19. Be5 Nfd7 20. Rxd7 Nxd7 21.
Nxe7+ Kf8 22. Bxb7 1-0

[Event "oibm_2008"]
[Site "Bad Wiessee"]
[Date "2008.11.07"]
[Round "7.29"]
[White "Reefschläger, Helmut"]
[Black "Astengo, Corrado"]
[Result "1-0"]
[WhiteElo "2321"]
[BlackElo "2172"]
[PlyCount "57"]
[EventDate "2008.??.??"]

1. d4 d5 2. c4 c6 3. cxd5 cxd5 4. Nf3 Nf6 5. Nc3 Nc6 6. Bf4 a6 7. Rc1 Bf5 8. e3
e6 9. Qb3 Na5 10. Qa4+ Nc6 11. Ne5 Qb6 12. Be2 Be7 13. g4 Nxg4 14. Nxg4 h5 15.
Ne5 g5 16. e4 gxf4 17. exf5 Qxb2 18. O-O Rc8 19. Rc2 Qb4 20. Rb1 Qxd4 21. Nxc6
Rg8+ 22. Kf1 Qg7 23. Ne5+ b5 24. Bxb5+ axb5 25. Qxb5+ Kf8 26. Nd7+ Ke8 27. Nf6+
Kf8 28. Qe8+ Rxe8 29. Nd7# 1-0

[Event "oibm_2008"]
[Site "Bad Wiessee"]
[Date "2008.11.07"]
[Round "7.30"]
[White "Lupor, Andre"]
[Black "Hohlfeld, Wolfgang"]
[Result "1/2-1/2"]
[WhiteElo "2321"]
[BlackElo "2154"]
[PlyCount "62"]
[EventDate "2008.??.??"]

1. Nf3 d5 2. d4 Nf6 3. c4 dxc4 4. e3 e6 5. Bxc4 c5 6. O-O cxd4 7. exd4 Nc6 8.
Qe2 Be7 9. Rd1 O-O 10. Nc3 a6 11. Bb3 Na5 12. Bc2 b5 13. Ne5 Bb7 14. a3 Rc8 15.
Bg5 g6 16. Bh6 Re8 17. Rac1 Nc4 18. Bd3 Nd6 19. Bb1 Nf5 20. Be3 Nh4 21. f3 Nd5
22. Nxd5 Bxd5 23. Rxc8 Qxc8 24. Rc1 Qb7 25. Bf2 Rc8 26. Rxc8+ Qxc8 27. Qc2 Qb7
28. b4 Nf5 29. Qc3 Bf6 30. Bd3 h5 31. Bxf5 exf5 1/2-1/2

[Event "oibm_2008"]
[Site "Bad Wiessee"]
[Date "2008.11.07"]
[Round "7.31"]
[White "Schweiger, Georg"]
[Black "Wagner, Florian"]
[Result "1/2-1/2"]
[WhiteElo "2166"]
[BlackElo "2311"]
[PlyCount "33"]
[EventDate "2008.??.??"]

1. d4 g6 2. Nc3 d5 3. Bg5 Bg7 4. Qd2 c5 5. e3 cxd4 6. exd4 Nc6 7. Bb5 Nf6 8.
Nge2 O-O 9. O-O Re8 10. Rfe1 a6 11. Bxc6 bxc6 12. Nc1 Bf5 13. Nb3 Nd7 14. Na4
f6 15. Be3 e5 16. Rac1 Be6 17. Na5 1/2-1/2

[Event "oibm_2008"]
[Site "Bad Wiessee"]
[Date "2008.11.07"]
[Round "7.32"]
[White "Czap, Bernhard"]
[Black "Salvermoser, Bernd"]
[Result "0-1"]
[WhiteElo "2157"]
[BlackElo "2304"]
[PlyCount "82"]
[EventDate "2008.??.??"]

1. e4 c5 2. Na3 Nc6 3. Bb5 Qb6 4. Nf3 g6 5. c3 Bg7 6. O-O Nf6 7. Re1 O-O 8. h3
a6 9. Bf1 d5 10. e5 Nd7 11. d4 cxd4 12. cxd4 f6 13. exf6 Nxf6 14. Nc2 Ne4 15.
b3 e5 16. Be3 exd4 17. Ncxd4 Nxd4 18. Nxd4 Nxf2 19. Qd2 Ne4 20. Qd3 Qd6 21.
Rad1 Ng3 22. Be2 Nxe2+ 23. Rxe2 Bd7 24. Red2 Rae8 25. Bf2 Qf4 26. Nf3 Bc6 27.
Nd4 Bd7 28. Nf3 Rf5 29. Nd4 Rf7 30. Nf3 Bc6 31. Nd4 Qe4 32. Qxe4 Rxe4 33. Rc2
Rxf2 34. Kxf2 Bxd4+ 35. Kf3 Re3+ 36. Kf4 Bb6 37. Kg5 Kg7 38. Kf4 Kf6 39. Rf1
g5+ 40. Kg4+ Kg6 41. Rf3 h5+ 0-1

[Event "oibm_2008"]
[Site "Bad Wiessee"]
[Date "2008.11.07"]
[Round "7.33"]
[White "Sondermann, Johannes"]
[Black "Kempter, Ronald"]
[Result "0-1"]
[WhiteElo "2148"]
[BlackElo "2279"]
[PlyCount "72"]
[EventDate "2008.??.??"]

1. d4 Nf6 2. c4 c5 3. d5 b5 4. cxb5 a6 5. bxa6 g6 6. Nc3 Bxa6 7. g3 d6 8. Bg2
Bg7 9. Nf3 O-O 10. O-O Nbd7 11. Rb1 Ra7 12. Re1 Qa8 13. b3 Rb8 14. Bb2 Rab7 15.
Ba1 Qa7 16. h3 Qb6 17. e4 Qa5 18. Qc2 Ne8 19. Nd2 Ne5 20. Re3 Nc7 21. f4 Nd7
22. Ree1 Ra7 23. Na4 Bxa1 24. Rxa1 Qb4 25. Bf1 Nb5 26. Bxb5 Bxb5 27. Nb2 Nb6
28. Ndc4 Bxc4 29. Nxc4 Nxc4 30. bxc4 Qa3 31. Qf2 Rb2 32. Qe3 Qa4 33. Re2 Rab7
34. Qd3 Rxe2 35. Qxe2 Qa3 36. Qg2 Rb2 0-1

[Event "oibm_2008"]
[Site "Bad Wiessee"]
[Date "2008.11.07"]
[Round "7.34"]
[White "Schrems, Hermann"]
[Black "Korsus, Bernd"]
[Result "1-0"]
[WhiteElo "2126"]
[BlackElo "2272"]
[PlyCount "69"]
[EventDate "2008.??.??"]

1. d4 Nf6 2. c4 c5 3. d5 g6 4. Nc3 Bg7 5. e4 O-O 6. Be3 d6 7. f3 e6 8. Bd3 exd5
9. cxd5 Nbd7 10. Nge2 a6 11. a4 Re8 12. O-O Ne5 13. Bc2 Bd7 14. a5 Nc4 15. Bf4
Nh5 16. Bc1 Nxa5 17. g4 Nf6 18. Ng3 Bb5 19. Re1 Nd7 20. f4 Nc4 21. Qf3 Qh4 22.
Kg2 Bd4 23. Ra2 Nf6 24. h3 Bd7 25. Rh1 b5 26. Nce2 Nxd5 27. exd5 Ne3+ 28. Bxe3
Rxe3 29. Nxd4 Rxf3 30. Nxf3 Qf6 31. Ne4 Qe7 32. g5 Bc8 33. Nf6+ Kg7 34. Re1 Qc7
35. Ne8+ 1-0

[Event "oibm_2008"]
[Site "Bad Wiessee"]
[Date "2008.11.07"]
[Round "7.37"]
[White "Obers, Frits"]
[Black "Böhle, Lars"]
[Result "1/2-1/2"]
[WhiteElo "2097"]
[BlackElo "2245"]
[PlyCount "29"]
[EventDate "2008.??.??"]

1. c4 e5 2. g3 Nc6 3. Bg2 Bc5 4. Nc3 Nf6 5. a3 a5 6. e3 d6 7. Nge2 O-O 8. O-O
Re8 9. h3 Ba7 10. b3 Bf5 11. d4 exd4 12. exd4 Qd7 13. g4 Bg6 14. Be3 Ne4 15.
Nd5 1/2-1/2

[Event "oibm_2008"]
[Site "Bad Wiessee"]
[Date "2008.11.08"]
[Round "8.9"]
[White "Mainka, Romuald"]
[Black "Jaracz, Pawel"]
[Result "0-1"]
[WhiteElo "2482"]
[BlackElo "2513"]
[PlyCount "96"]
[EventDate "2008.??.??"]

1. e4 c6 2. d4 d5 3. e5 Bf5 4. Nd2 e6 5. Nb3 Nd7 6. Nf3 Ne7 7. Be2 Nc8 8. O-O
Be7 9. Bd2 O-O 10. a4 Qc7 11. Re1 Ncb6 12. Bc3 c5 13. dxc5 Nxc5 14. Nxc5 Bxc5
15. Bd3 Bg6 16. Bxg6 fxg6 17. Nd4 Qf7 18. f3 a6 19. Kh1 g5 20. b3 Rac8 21. Qd2
h6 22. Bb4 Nd7 23. Bxc5 Nxc5 24. a5 Qg6 25. Re2 Rf4 26. Re3 Nd7 27. c3 Nb8 28.
g3 Rff8 29. Qd3 Qe8 30. Ne2 Nc6 31. b4 Ne7 32. Nd4 Nf5 33. Nxf5 Rxf5 34. b5
axb5 35. a6 bxa6 36. Rxa6 Ra8 37. Rxa8 Qxa8 38. Kg2 Qa2+ 39. Re2 Qc4 40. Qe3 g4
41. fxg4 Qxg4 42. h3 Qc4 43. h4 Rf8 44. Rd2 Qf1+ 45. Kh2 Kh8 46. Qc5 Kh7 47.
Rg2 Rf5 48. Qd6 Qb1 0-1

[Event "oibm_2008"]
[Site "Bad Wiessee"]
[Date "2008.11.08"]
[Round "8.11"]
[White "Devereaux, Maxim"]
[Black "Lauber, Arnd"]
[Result "1-0"]
[WhiteElo "2415"]
[BlackElo "2497"]
[PlyCount "93"]
[EventDate "2008.??.??"]

1. d4 d5 2. Nf3 Nf6 3. c4 e6 4. g3 dxc4 5. Bg2 c6 6. Ne5 Bb4+ 7. Bd2 Qxd4 8.
Bxb4 Qxe5 9. Na3 b5 10. Bd6 Qxb2 11. O-O Nd5 12. e4 Nc3 13. Qh5 Nd7 14. e5 Bb7
15. Qg5 f6 16. exf6 O-O-O 17. fxg7 Rhg8 18. Rab1 Nxb1 19. Rxb1 Qd4 20. Bxc6
Bxc6 21. Nxb5 Qb6 22. Be7 Ne5 23. Qxe5 Qxb5 24. Qxb5 Bxb5 25. Bxd8 Kxd8 26.
Rxb5 Rxg7 27. Rb8+ Kc7 28. Rb4 Rg4 29. f4 e5 30. Rxc4+ Kd8 31. Kg2 exf4 32. Kh3
Rg6 33. Rxf4 Ra6 34. a4 Ke8 35. g4 Ke7 36. Kg3 Ke8 37. h4 Rb6 38. g5 h6 39. Kg4
hxg5 40. hxg5 a5 41. Kh5 Rb4 42. Rf5 Rxa4 43. g6 Ra1 44. g7 Rh1+ 45. Kg6 Rg1+
46. Kf6 a4 47. Re5+ 1-0

[Event "oibm_2008"]
[Site "Bad Wiessee"]
[Date "2008.11.08"]
[Round "8.12"]
[White "Zude, Arno"]
[Black "Hossain, Enamul"]
[Result "1/2-1/2"]
[WhiteElo "2451"]
[BlackElo "2494"]
[PlyCount "76"]
[EventDate "2008.??.??"]

1. e4 c5 2. Nf3 e6 3. d4 cxd4 4. Nxd4 a6 5. Bd3 Bc5 6. Nb3 Be7 7. Qg4 g6 8. Qe2
d6 9. O-O Nd7 10. a4 b6 11. Na3 Bb7 12. Nc4 Qc7 13. a5 b5 14. Nb6 Nxb6 15. axb6
Qxb6 16. Na5 Kf8 17. Nxb7 Qxb7 18. c4 Kg7 19. cxb5 axb5 20. Rxa8 Qxa8 21. Bd2
Nf6 22. Bc3 Rb8 23. Bxb5 Kg8 24. Bd3 d5 25. exd5 Nxd5 26. Be5 Rd8 27. Bc4 Bd6
28. Bxd5 exd5 29. Bf6 Re8 30. Qf3 Be5 31. g3 Bxf6 32. Qxf6 Qa4 33. Qd6 Qb3 34.
h4 h5 35. Qf6 Re6 36. Qd4 Re4 37. Qf6 Re6 38. Qd4 Re4 1/2-1/2

[Event "oibm_2008"]
[Site "Bad Wiessee"]
[Date "2008.11.08"]
[Round "8.14"]
[White "Farago, Ivan"]
[Black "Khmelniker, Ilya"]
[Result "1/2-1/2"]
[WhiteElo "2489"]
[BlackElo "2443"]
[PlyCount "74"]
[EventDate "2008.??.??"]

1. d4 Nf6 2. c4 g6 3. Nc3 d5 4. Nf3 Bg7 5. Qb3 dxc4 6. Qxc4 O-O 7. e4 Bg4 8.
Be3 Nfd7 9. Rd1 Nb6 10. Qb3 e6 11. Be2 Nc6 12. Ng1 Bxe2 13. Ngxe2 Qe7 14. O-O
Rfd8 15. a3 Na5 16. Qb5 Nbc4 17. Bg5 f6 18. Bc1 Qe8 19. d5 e5 20. b4 c6 21. Qa4
b5 22. Qc2 Nb7 23. dxc6 Qxc6 24. Nd5 Kh8 25. f4 f5 26. fxe5 fxe4 27. Qxe4 Bxe5
28. Rf7 Qe6 29. Qf3 Nbd6 30. Re7 Qf5 31. Qxf5 gxf5 32. Bf4 Bb2 33. Nc7 Rac8 34.
Bg5 Ne4 35. Rxh7+ Kxh7 36. Bxd8 Bxa3 37. Be7 a5 1/2-1/2

[Event "oibm_2008"]
[Site "Bad Wiessee"]
[Date "2008.11.08"]
[Round "8.16"]
[White "Pirrot, Dieter"]
[Black "Salvermoser, Bernd"]
[Result "1-0"]
[WhiteElo "2446"]
[BlackElo "2304"]
[PlyCount "71"]
[EventDate "2008.??.??"]

1. e4 c6 2. d4 d5 3. f3 e6 4. Nc3 b6 5. Bf4 Bb4 6. Nge2 Nf6 7. a3 Be7 8. Qd2 a5
9. Ng3 Na6 10. Bd3 Nc7 11. Be5 Bb7 12. O-O dxe4 13. fxe4 Ng4 14. Bxc7 Qxc7 15.
e5 O-O-O 16. Nce2 f5 17. Nxf5 exf5 18. Bxf5+ Kb8 19. Bxg4 Qxe5 20. Qc3 Qg5 21.
Bf3 Rd6 22. b4 a4 23. b5 Qxb5 24. Rab1 Qa6 25. Qe3 Bf6 26. Rb4 Qa5 27. Rfb1 Kc7
28. c4 Qg5 29. Qf2 Bc8 30. Rxb6 Rhd8 31. d5 R8d7 32. Rxc6+ Rxc6 33. dxc6 Rd2
34. Qb6+ Kd6 35. Qb8+ Ke7 36. Qc7+ 1-0

[Event "oibm_2008"]
[Site "Bad Wiessee"]
[Date "2008.11.08"]
[Round "8.17"]
[White "Kaplan, Sasha"]
[Black "Lutz, Albert"]
[Result "1-0"]
[WhiteElo "2425"]
[BlackElo "2045"]
[PlyCount "67"]
[EventDate "2008.??.??"]

1. e4 e5 2. Nf3 Nf6 3. Nxe5 d6 4. Nf3 Nxe4 5. Nc3 Nxc3 6. dxc3 Be7 7. Be3 Nc6
8. Qd2 Bg4 9. O-O-O Qd7 10. Be2 Bf6 11. h3 Be6 12. g4 h6 13. Nd4 Bxd4 14. Bxd4
f6 15. Rhe1 O-O 16. Be3 Qf7 17. a3 Bc4 18. Bxc4 Qxc4 19. b3 Qf7 20. f4 f5 21.
Rg1 Qg6 22. Rg3 Rae8 23. Rdg1 Re7 24. Qd5+ Kh8 25. Qb5 Qe8 26. Qd3 Qg6 27. h4
Qe6 28. g5 Qe4 29. Qd1 Qe6 30. Bd2 d5 31. gxh6 gxh6 32. Rg6 Rf6 33. Qh5 Kh7 34.
Qxh6# 1-0

[Event "oibm_2008"]
[Site "Bad Wiessee"]
[Date "2008.11.08"]
[Round "8.18"]
[White "Raykhman, Alexander"]
[Black "Skembris, Spyridon"]
[Result "1-0"]
[WhiteElo "2262"]
[BlackElo "2422"]
[PlyCount "139"]
[EventDate "2008.??.??"]

1. e4 g6 2. d4 Bg7 3. Nc3 c6 4. f4 d5 5. e5 Nh6 6. Be2 f6 7. Nf3 O-O 8. O-O Bg4
9. Be3 Nd7 10. h3 Nf5 11. Bf2 Bxf3 12. Bxf3 fxe5 13. fxe5 e6 14. b4 Bh6 15. Qd3
Qg5 16. Nd1 Nb6 17. Nb2 Qd2 18. a3 a5 19. Rad1 Qxd3 20. Rxd3 axb4 21. axb4 Ra2
22. Rb1 Rfa8 23. g4 Ng7 24. Rb3 R8a3 25. Rxa3 Rxa3 26. Nd3 Nc4 27. b5 cxb5 28.
Rxb5 b6 29. Rxd5 Rc3 30. Rd8+ Kf7 31. d5 Be3 32. Rd7+ Kf8 33. Bxe3 Nxe3 34. d6
Nxc2 35. Rc7 Rxd3 36. Rxc2 Ne8 37. Rc8 Kf7 38. Bc6 Nxd6 39. exd6 Rxd6 40. Bf3
h6 41. Kf2 b5 42. Rb8 Rd2+ 43. Be2 Kf6 44. Rxb5 Rc2 45. Rb3 h5 46. Re3 e5 47.
Kg3 hxg4 48. hxg4 Rc1 49. Bf3 Rg1+ 50. Bg2 Rc1 51. Ra3 Kg5 52. Ra5 Rc3+ 53. Bf3
Kf6 54. Ra6+ Kg5 55. Rc6 Ra3 56. Re6 Ra5 57. Rd6 Ra3 58. Rd5 Kf6 59. Kf2 Rb3
60. Ke2 Ra3 61. Rd3 Ra4 62. Ke3 Rf4 63. Rd6+ Kf7 64. Rb6 g5 65. Rh6 Ra4 66. Be4
Ra3+ 67. Bd3 Ra4 68. Bf5 Rb4 69. Re6 Rb5 70. Ke4 1-0

[Event "oibm_2008"]
[Site "Bad Wiessee"]
[Date "2008.11.08"]
[Round "8.19"]
[White "Nagel, Bernhard"]
[Black "Jugelt, Tobias"]
[Result "1/2-1/2"]
[WhiteElo "2234"]
[BlackElo "2394"]
[PlyCount "95"]
[EventDate "2008.??.??"]

1. Nf3 d5 2. d4 Nf6 3. c4 c6 4. Nc3 g6 5. cxd5 Nxd5 6. e4 Nb6 7. Be3 Bg7 8. Qd2
Be6 9. Bh6 O-O 10. h4 f6 11. Bxg7 Kxg7 12. h5 g5 13. h6+ Kh8 14. O-O-O N8d7 15.
Ne1 Qc7 16. g3 Rg8 17. Nc2 c5 18. d5 Bg4 19. Be2 Bxe2 20. Qxe2 Ne5 21. d6 exd6
22. Nb5 Qf7 23. Kb1 d5 24. exd5 Nxd5 25. Nd6 Qe6 26. Qe4 Qxd6 27. Rxd5 Qc7 28.
Qf5 Raf8 29. Ne3 Rg6 30. Qe6 g4 31. Nf5 c4 32. Rhd1 Qf7 33. Rd6 Re8 34. Qxf7
Nxf7 35. Rd7 Nxh6 36. Ne3 Rg7 37. Rxg7 Kxg7 38. Rd7+ Kg6 39. Rxb7 Nf5 40. Nd1
Re2 41. Rxa7 h5 42. Rc7 Nd6 43. a4 Ne4 44. a5 Re1 45. Kc2 Re2+ 46. Kb1 Re1 47.
Kc2 Re2+ 48. Kb1 1/2-1/2

[Event "oibm_2008"]
[Site "Bad Wiessee"]
[Date "2008.11.08"]
[Round "8.20"]
[White "Kummerow, Heiko"]
[Black "Schrems, Hermann"]
[Result "1/2-1/2"]
[WhiteElo "2357"]
[BlackElo "2126"]
[PlyCount "130"]
[EventDate "2008.??.??"]

1. e4 Nf6 2. e5 Nd5 3. d4 d6 4. Nf3 dxe5 5. Nxe5 c6 6. Bc4 Nd7 7. Nf3 N7b6 8.
Bb3 Bg4 9. O-O e6 10. Re1 Be7 11. Nbd2 O-O 12. Ne4 Nf6 13. Nxf6+ Bxf6 14. c3
Bh5 15. Bf4 a5 16. Bc2 a4 17. Qb1 Bg6 18. Ne5 Nd5 19. Bd2 Bg5 20. Bxg5 Qxg5 21.
Bxg6 hxg6 22. Qc2 Qf5 23. Qd2 Rfd8 24. c4 Qf4 25. Qxf4 Nxf4 26. Rad1 Ra6 27. g3
Nh5 28. Nd3 Nf6 29. Nc5 Ra7 30. f3 b6 31. Nd3 Rxd4 32. Ne5 Rxd1 33. Rxd1 Ra8
34. Nxc6 Kf8 35. Ne5 Ke7 36. Kf2 Rc8 37. b3 Rc5 38. f4 Ne4+ 39. Ke3 Nd6 40. Kd4
axb3 41. axb3 Nf5+ 42. Kc3 Rc7 43. Kb4 Nd6 44. Ra1 g5 45. fxg5 f6 46. gxf6+
gxf6 47. Ra7 Rxa7 48. Nc6+ Kd7 49. Nxa7 e5 50. g4 Ne4 51. Nb5 Nf2 52. Nc3 Nxg4
53. h4 f5 54. Nd5 f4 55. Kc3 Kd6 56. Kd2 b5 57. Ke2 bxc4 58. bxc4 Kc5 59. Kf3
Nh6 60. Ke4 Kxc4 61. Kxe5 f3 62. Ke4 Kc5 63. Ne3 f2 64. Kf3 Nf5 65. Kxf2 Nxh4
1/2-1/2

[Event "oibm_2008"]
[Site "Bad Wiessee"]
[Date "2008.11.08"]
[Round "8.21"]
[White "Ehrke, Michael"]
[Black "Baldauf, Marco"]
[Result "1/2-1/2"]
[WhiteElo "2211"]
[BlackElo "2325"]
[PlyCount "90"]
[EventDate "2008.??.??"]

1. d4 Nf6 2. Nf3 g6 3. Bf4 Bg7 4. e3 O-O 5. h3 d6 6. Be2 Nbd7 7. O-O c5 8. c3
b6 9. Nbd2 Bb7 10. a4 a6 11. Qb1 e5 12. Bh2 e4 13. Ne1 Qe7 14. Nc2 d5 15. c4
Rfd8 16. b4 cxd4 17. Nxd4 dxc4 18. Nxc4 Nd5 19. Bd6 Qe8 20. Qb3 Nf8 21. Bg3 Qe7
22. Rad1 Ne6 23. Nxe6 Qxe6 24. Rc1 Rac8 25. Rfd1 h6 26. a5 b5 27. Nb6 Rxc1 28.
Rxc1 Qe7 29. Nxd5 Bxd5 30. Qb1 Bf8 31. Rc5 Qe6 32. Rc7 Bb3 33. Qe1 Qd5 34. Qc3
Bg7 35. Qc6 Qd2 36. Bg4 h5 37. Bd7 h4 38. Bf4 g5 39. Rc8 Rxc8 40. Qxc8+ Bf8 41.
Bxg5 Qe1+ 42. Kh2 Qxf2 43. Be7 Qg3+ 44. Kh1 Qe1+ 45. Kh2 Qg3+ 1/2-1/2

[Event "oibm_2008"]
[Site "Bad Wiessee"]
[Date "2008.11.08"]
[Round "8.23"]
[White "Heimrath, Reiner"]
[Black "Haub, Thorsten Michael"]
[Result "1/2-1/2"]
[WhiteElo "2221"]
[BlackElo "2454"]
[PlyCount "137"]
[EventDate "2008.??.??"]

1. d4 g6 2. Nf3 Bg7 3. e3 f5 4. Bd3 Nf6 5. Nfd2 O-O 6. f3 Nc6 7. c3 e5 8. d5
Ne7 9. c4 d6 10. Nc3 c6 11. e4 Bh6 12. Qb3 c5 13. exf5 Nxf5 14. Bxf5 gxf5 15.
Ne2 Kh8 16. g3 f4 17. Qc3 Bg7 18. Rg1 e4 19. gxf4 Ng4 20. Qa3 Qh4+ 21. Rg3 exf3
22. Nxf3 Qh5 23. Rg2 Bf5 24. Bd2 Rae8 25. O-O-O Ne3 26. Rxg7 Kxg7 27. Bxe3 Kg8
28. Rg1+ Bg6 29. Rg3 Qf5 30. Qc3 Qh5 31. Kd2 b5 32. b3 b4 33. Qc2 Re7 34. Neg1
Kf7 35. Qb2 Ke8 36. Rg5 Qh6 37. a3 bxa3 38. Qxa3 Bf5 39. Qa4+ Bd7 40. Qa1 Bf5
41. b4 cxb4 42. Qa4+ Bd7 43. Qxb4 Qf6 44. Ne2 Qa1 45. Bd4 Qa2+ 46. Bb2 Bc8 47.
Qb5+ Kd8 48. Nc3 Qa6 49. Nd4 Qxb5 50. Ncxb5 Bd7 51. Nxa7 Kc7 52. Nab5+ Kb6 53.
Nxd6 Rxf4 54. Ne2 Rh4 55. Bd4+ Kc7 56. Bf6 Rxe2+ 57. Kxe2 Kxd6 58. Be5+ Kc5 59.
Kd3 Be8 60. Bg3 Rd4+ 61. Ke3 Kxc4 62. d6 Bg6 63. Ra5 Rd3+ 64. Ke2 Be8 65. Ra8
Bb5 66. Rb8 Bd7 67. Rb7 Bg4+ 68. Kf2 h5 69. Rc7+ 1/2-1/2

[Event "oibm_2008"]
[Site "Bad Wiessee"]
[Date "2008.11.08"]
[Round "8.24"]
[White "Wenner, Tobias"]
[Black "Morawietz, Dieter"]
[Result "0-1"]
[WhiteElo "2218"]
[BlackElo "2449"]
[PlyCount "82"]
[EventDate "2008.??.??"]

1. Nf3 Nf6 2. c4 g6 3. g3 Bg7 4. Bg2 O-O 5. O-O c6 6. d4 d6 7. Nc3 Qa5 8. e4 e5
9. Rb1 Bg4 10. b4 Qa6 11. dxe5 dxe5 12. b5 Qa5 13. Qb3 Re8 14. h3 Bc8 15. Ba3
Nbd7 16. Rfd1 Bf8 17. Bxf8 Kxf8 18. Ne1 Nc5 19. Qb4 Qxb4 20. Rxb4 Be6 21. Nd3
Nfd7 22. Nxc5 Nxc5 23. Na4 Nxa4 24. Rxa4 c5 25. f4 f6 26. f5 Bf7 27. fxg6 hxg6
28. Kf2 Ke7 29. h4 Red8 30. Rxd8 Kxd8 31. Bf1 Kc7 32. Ra3 Be6 33. Rf3 Rf8 34.
Ke3 f5 35. Bd3 Kd6 36. h5 f4+ 37. gxf4 exf4+ 38. Rxf4 Rxf4 39. Kxf4 gxh5 40.
e5+ Ke7 41. Kg5 Bf7 0-1

[Event "oibm_2008"]
[Site "Bad Wiessee"]
[Date "2008.11.08"]
[Round "8.25"]
[White "Tennstedt, Andreas"]
[Black "Reutsky, Sergei"]
[Result "0-1"]
[WhiteElo "2193"]
[BlackElo "2411"]
[PlyCount "102"]
[EventDate "2008.??.??"]

1. d4 f5 2. g3 g6 3. Bg2 Bg7 4. c4 Nf6 5. Nh3 d6 6. O-O O-O 7. d5 Nbd7 8. Nc3
Ne5 9. b3 c5 10. Bd2 a6 11. Qc2 Rb8 12. a4 b6 13. f4 Nf7 14. Nf2 Bd7 15. Rfe1
Nh6 16. Rab1 Re8 17. Nh3 Nf7 18. Ng5 Nxg5 19. fxg5 Ng4 20. Bf4 Rf8 21. Nd1 b5
22. axb5 axb5 23. Nf2 Nxf2 24. Kxf2 Qb6 25. Bf3 Rb7 26. e4 Rfb8 27. exf5 Bxf5
28. Be4 Bh3 29. g4 Bxg4 30. Kg3 Bh5 31. Bd3 bxc4 32. bxc4 Qxb1 33. Rxb1 Rxb1
34. Qxb1 Rxb1 35. Bxb1 Be2 36. Ba2 Bd4 37. Bb3 Kf7 38. Ba2 Ke8 39. Bb3 Kf7 40.
h4 e5 41. Bd2 Ke7 42. Kg2 e4 43. Bc1 e3 44. Kh3 Kd8 45. Kg3 Be5+ 46. Kg2 Bf4
47. Bb2 Ke7 48. Bc1 Kf7 49. Bb2 Kg8 50. Bc1 h6 51. gxh6 Kh7 0-1

[Event "oibm_2008"]
[Site "Bad Wiessee"]
[Date "2008.11.08"]
[Round "8.26"]
[White "Weber, Ulrich"]
[Black "Keller, Manfred"]
[Result "1-0"]
[WhiteElo "2411"]
[BlackElo "2216"]
[PlyCount "47"]
[EventDate "2008.??.??"]

1. c4 e6 2. Nc3 d5 3. d4 Nf6 4. cxd5 exd5 5. Bg5 c6 6. e3 Be7 7. Bd3 Nbd7 8.
Nge2 O-O 9. Qc2 Re8 10. O-O Nf8 11. f3 c5 12. Rad1 h6 13. Bxf6 Bxf6 14. dxc5
Rxe3 15. Nxd5 Re5 16. Be4 Be6 17. Nec3 Nd7 18. f4 Rh5 19. Bf3 Rf5 20. g4 Rxd5
21. Nxd5 Rc8 22. b4 Bxd5 23. Bxd5 Qc7 24. g5 1-0